Challenges in central banking : (Record no. 18754)
[ view plain ]
| 000 -LEADER | |
|---|---|
| fixed length control field | 03323cam a2200313 a 4500 |
| 001 - CONTROL NUMBER | |
| control field | 16044773 |
| 005 - DATE AND TIME OF LATEST TRANSACTION | |
| control field | 20141211115523.0 |
| 008 - FIXED-LENGTH DATA ELEMENTS--GENERAL INFORMATION | |
| fixed length control field | 100107s2010 xxuad frb f001 0 eng d |
| 010 ## - LIBRARY OF CONGRESS CONTROL NUMBER | |
| LC control number | 2010000464 |
| 020 ## - INTERNATIONAL STANDARD BOOK NUMBER | |
| International Standard Book Number | 9780521199292 (hbk) |
| 020 ## - INTERNATIONAL STANDARD BOOK NUMBER | |
| International Standard Book Number | 0521199298 (hbk) |
| 040 ## - CATALOGING SOURCE | |
| Original cataloging agency | DLC |
| Transcribing agency | DLC |
| Modifying agency | YDX |
| -- | BTCTA |
| -- | YDXCP |
| -- | CDX |
| -- | BWX |
| -- | UBY |
| -- | OKU |
| -- | BWK |
| -- | DLC |
| -- | EG-ScBUE |
| 082 00 - DEWEY DECIMAL CLASSIFICATION NUMBER | |
| Classification number | 332.11 |
| Edition number | 22 |
| Item number | CHA |
| 245 00 - TITLE STATEMENT | |
| Title | Challenges in central banking : |
| Remainder of title | the current institutional environment and forces affecting monetary policy / |
| Statement of responsibility, etc | edited by Pierre L. Siklos, Martin T. Bohl, Mark E. Wohar. |
| 260 ## - PUBLICATION, DISTRIBUTION, ETC. (IMPRINT) | |
| Place of publication, distribution, etc | New York, United States : |
| Name of publisher, distributor, etc | Cambridge University Press, |
| Date of publication, distribution, etc | 2010. |
| 300 ## - PHYSICAL DESCRIPTION | |
| Extent | xviii, 398 p. : |
| Other physical details | charts, tables ; |
| Dimensions | 24 cm. |
| 500 ## - GENERAL NOTE | |
| General note | Index : p. 393-398. |
| 504 ## - BIBLIOGRAPHY, ETC. NOTE | |
| Bibliography, etc | Includes bibliographical references. |
| 505 0# - FORMATTED CONTENTS NOTE | |
| Formatted contents note | The state of play in central banking and the challenges to come / Pierre L. Siklos, Martin T. Bohl and Mark E. Wohar-Is the time ripe for price level path stability ? / Vitor Gaspar, Frank Smets and David Vestin-The principal-agent approach to monetary policy delegation / Georgios E. Chortareas and Stephen M. Miller-Implementing monetary policy in the 2000s : operating procedures in Asia and beyond / Corrinne Ho -- Analysis of financial stability / Charles A.E. Goodhart and Dimitri P. Tsomocos-National central banks in a multi-national system / David G. Mayes and Geoffrey E. Wood-The complex relationship between central bank independence and inflation / Bernd Hayo and Carsten Hefeker-Independence and accountability in supervision : comparing central banks and financial authorities / Donato Masciandaro, Marc Quintyn and Michael W. Taylor -- The economic impact of central bank transparency : a survey / Carin van der Cruijsen and Sylvester C.W. Eijffinger -- How central banks take decisions : an analysis of monetary policy meetings / Philip Maier-Institutional rules and the conduct of monetary policy : does a central bank need governing principles ? / Pierre L. Siklos. |
| 520 ## - SUMMARY, ETC. | |
| Summary, etc | "Changes in the field of central banking over the past two decades have been nothing short of dramatic. Moreover, they have spanned the globe. They include the importance of central bank autonomy, the desirability of low and stable inflation, and the vital role played by how central banks communicate their views and intentions to the markets and the public more generally. There remains considerable diversity nevertheless in the institutional framework affecting central banks, the manner in which the stance of monetary policy is determined and assessed, and the forces that dictate the conduct of monetary policy more generally. The global financial crisis, which began in the United States in 2007, only serves to highlight further the importance of central bank policies. The aim of this volume is to take stock of where we are in the realm of the practice of central banking and considers some of the implications arising from the ongoing crisis"-Provided by publisher. |
| 650 #0 - SUBJECT ADDED ENTRY--TOPICAL TERM | |
| Topical term or geographic name as entry element | Banks and banking, Central |
| 9 (RLIN) | 36638 |
| 650 #0 - SUBJECT ADDED ENTRY--TOPICAL TERM | |
| Topical term or geographic name as entry element | Monetary policy |
| 9 (RLIN) | 5608 |
| 653 ## - INDEX TERM--UNCONTROLLED | |
| Resource For college | BAEPS, Business Administration |
| Arrived date list | December2014 |
| 655 ## - INDEX TERM--GENRE/FORM | |
| Form subdivision | |
| -- | 34232 |
| 700 1# - ADDED ENTRY--PERSONAL NAME | |
| Personal name | Siklos, Pierre L., |
| Dates associated with a name | 1955- |
| 9 (RLIN) | 36639 |
| Relator term | editor. |
| 700 1# - ADDED ENTRY--PERSONAL NAME | |
| Personal name | Bohl, Martin T. |
| 9 (RLIN) | 36640 |
| Relator term | editor. |
| 700 1# - ADDED ENTRY--PERSONAL NAME | |
| Personal name | Wohar, Mark E. |
| 9 (RLIN) | 36641 |
| Relator term | editor. |
| 942 ## - ADDED ENTRY ELEMENTS (KOHA) | |
| Source of classification or shelving scheme | Dewey Decimal Classification |
| Call number prefix | 332.11 CHA |
| Withdrawn status | Item status | Source of classification or shelving scheme | Damaged status | Not for loan | Vendor | Home library | Current library | Shelving location | Date acquired | Source of acquisition | Cost, normal purchase price | Serial Enumeration / chronology | Total Checkouts | Full call number | Barcode | Date last seen | Cost, replacement price | Koha item type |
|---|---|---|---|---|---|---|---|---|---|---|---|---|---|---|---|---|---|---|
| Dewey Decimal Classification | Baccah | Central Library | Central Library | First floor | 11/12/2014 | 400.00 | 20677 | 332.11 CHA | 000037151 | 15/07/2025 | 500.00 | Book - Borrowing |